Física : Fundamentos y aplicaciones, suplemento de c lculo numérico / Robert M,Eisberg (Registro nro. 21321)

Detalles MARC
000 -LÍDER
fixed length control field 00424nam a2200133 4500
008 - ELEMENTOS DE LONGITUD FIJA -- INFORMACIÓN GENERAL
fixed length control field 0 1985 0i 000 0Esp
020 ## - NÚMERO INTERNACIONAL NORMALIZADO PARA LIBROS
ISBN 84-7615-047-4 T.I
082 ## - NUMERO DE CLASIFICACION DECIMAL DEWEY
Número de Clasificación 530.102.85 E542f
100 ## - ASIENTO PRINCIPAL--NOMBRE PERSONAL
Nombre personal Eisberg, Robert M
245 ## - TÍTULO
Título Física : Fundamentos y aplicaciones, suplemento de c lculo numérico / Robert M,Eisberg
260 ## - PUBLICACIÓN, DISTRIBUCIÓN, ETC. (PIE DE IMPRENTA)
Lugar de publicación, distribución, etc. España : McGraw-Hill
300 ## - DESCRIPCIÓN FÍSICA
Extensión 86p. / 26cm.
700 ## - ASIENTO SECUNDARIO - NOMBRE PERSONAL
Nombre personal Peckham, Herbert D.
Existencias
No. biblioteca No. biblioteca Número de clasificación Código de barras/Número de adquisición Número de copia Tipo de material
AREA DE ADMINISTRACIÓN AREA DE ADMINISTRACIÓN 530.102.85 E542f 05 2 Libros
Calzada Tecnológico # 27, Zacatepec, Morelos.
01(734) 343-07-23 / 343-21-10 / 343-21-11
Apdo. Postal 45 C.P 62780